2025-26 NHL Points Leaders - Statistics

General Stats
  • This quiz has been taken 86 times
  • The average score is 69 of 100
Answer Stats
Points Team Player % Correct
138 EDM McDavid
100%
101 MTL Suzuki
97%
115 SJS Celebrini
95%
130 TBL Kucherov
95%
127 COL MacKinnon
95%
74 PIT Crosby
93%
77 NJD Hughes
93%
76 MIN Hughes
93%
79 COL Makar
93%
80 CAR Aho
92%
75 CHI Bedard
92%
97 EDM Draisaitl
92%
92 WPG Connor
90%
80 VGK Marner
90%
100 BOS Pastrnak
90%
96 DAL Robertson
90%
83 OTT Stutzle
90%
95 EDM Bouchard
88%
88 MTL Caufield
88%
61 PIT Malkin
88%
100 COL Necas
88%
81 CBJ Werenski
88%
90 VGK Eichel
86%
78 MTL Hutson
86%
66 PIT Karlsson
86%
88 UTA Keller
86%
64 WSH Ovechkin
86%
74 BUF Dahlin
85%
89 MIN Kaprizov
85%
79 TOR Nylander
83%
103 WPG Scheifele
83%
85 MIN Boldy
81%
67 CBJ Marchenko
81%
84 LAK Panarin
81%
73 VGK Stone
81%
81 BUF Thompson
81%
67 ANA Carlsson
80%
75 NSH Forsberg
80%
74 TBL Hagel
80%
77 DAL Rantanen
80%
67 DET Larkin
78%
59 OTT Tkachuk
76%
73 LAK Kempe
75%
59 SJS Smith
75%
66 NSH Stamkos
75%
86 DAL Johnston
73%
76 DET Raymond
73%
71 NJD Bratt
71%
70 CAR Svechnikov
71%
67 PHI Zegras
71%
88 TBL Guentzel
69%
71 TOR Tavares
69%
62 MTL Demidov
68%
61 BOS McAvoy
68%
59 NYI Schaefer
68%
64 STL Thomas
68%
72 NYI Barzal
66%
68 BOS Geekie
66%
73 UTA Guenther
66%
66 CAR Jarvis
66%
78 NYR Zibanejad
66%
60 ANA Carlson
64%
85 DET DeBrincat
64%
73 MTL Slafkovsky
64%
66 BUF Tuch
64%
69 ANA Gauthier
63%
57 DET Kane
63%
68 PHI Konecny
63%
61 FLA Reinhart
63%
65 PIT Rust
61%
60 DET Seider
61%
58 WSH Strome
61%
66 TOR Knies
59%
71 OTT Batherson
54%
70 TBL Raddysh
54%
59 UTA Sergachev
54%
66 NJD Hischier
53%
65 COL Nelson
53%
62 WSH Wilson
53%
63 DAL Heiskanen
51%
57 NYI Horvat
51%
74 NSH O'Reilly
49%
71 CAR Ehlers
47%
59 CBJ Fantilli
46%
65 BOS Zacha
46%
58 FLA Bennett
44%
58 ANA LaCombe
44%
74 UTA Schmaltz
44%
57 ANA Terry
44%
58 CHI Bertuzzi
41%
64 PIT Mantha
41%
60 ANA Sennecke
37%
59 OTT Cozens
36%
61 VGK Barbashev
34%
64 VGK Dorofeyev
34%
58 VGK Hertl
34%
60 WSH Chychrun
32%
57 NYR Lafreniere
31%
69 WPG Vilardi
31%
58 CBJ Coyle
24%
No matching quizzes found
Score Distribution
Percent of People with Each Score
Percentile by Number Answered
Your Score History
You have not taken this quiz